• 首页
  • 本馆介绍
  • 公告通知
  • 最新文献
  • 馆藏检索
  • 电子资源
  • 读者导购
  • 参考咨询
  • 我的图书馆
  • 登录
  • 详细信息显示
  • 放入我的书架
  • 预约/预借图书
  • 作者相关作品
  • 分类相关作品
  • 丛书相关作品
  • 出版社相关作品

书目信息

  • 表格格式
  • 工作单格式
  • 卡片格式
题名:
基因革命
    
 
作者: 莫勒姆 著 ;杨涛 , 吴荆卉 译
分册:  
出版信息: 北京   机械工业出版社  2017.7
页数: 216页
开本: 25cm
丛书名:
单 册:
中图分类: Q343.1
科图分类:
主题词: 基因--研究
电子资源:
ISBN: 978-7-111-49369-3
000 01397nam0 2200301 450
001 0400004696
005 20171024160640.0
010    @a978-7-111-49369-3@dCNY45.00
100    @a20151101d2017 em y0chiy50 ea
101 1  @achi@ceng
102    @aCN@b110000
105    @ay z 000yy
106    @ar
200 1  @a基因革命@9ji yin ge ming@e跑步、牛奶、童年经历如何改变我们的基因@dInheritance@ehow our genes change our lives, and our lives change our genes@f沙伦·莫勒姆(Sharon Moalem)等著@g杨涛,吴荆卉译@zeng
210    @a北京@c机械工业出版社@d2017.7
215    @a216页@d25cm
306    @a本书限中国大陆发行
306    @a由凤凰阿歇特文化发展(北京)有限公司与机械工业出版社合作出版
330    @a本书用简易读的语言阐释了罕见的基因环境如何左右我们的身体与健康,比如什么心理创伤或挫折会代代相传;怀孕期间什么时候开始基因传承;为什么有些人天生就是勇士,而有些人天生就胆小怕事;为什么改变饮食习惯就可能改变基因,延缓衰老。
510 1  @aInheritance@ehow our genes change our lives, and our lives change our genes@zeng
517 1  @a跑步、牛奶、童年经历如何改变我们的基因@9pao bu、niunai、tong nian jing li ru he gai bian wo men de ji yin
606 0  @a基因@x研究
690    @aQ343.1@v5
701  0 @c(美)@a莫勒姆@9mo le mu@c(Moalem, Sharon)@4著
702  0 @a杨涛@9yang tao@4译
702  0 @a吴荆卉@9wu jing hui@4译
801  0 @aCN@b91MARC@c20171024
905    @b1038885-9@dQ343.1@f5@e77
    
    基因革命:跑步、牛奶、童年经历如何改变我们的基因=Inheritance:how our genes change our lives, and our lives change our genes/沙伦·莫勒姆(Sharon Moalem)等著/杨涛,吴荆卉译.-北京:机械工业出版社,2017.7
    216页;25cm
    
    
    ISBN 978-7-111-49369-3:CNY45.00
    本书用简易读的语言阐释了罕见的基因环境如何左右我们的身体与健康,比如什么心理创伤或挫折会代代相传;怀孕期间什么时候开始基因传承;为什么有些人天生就是勇士,而有些人天生就胆小怕事;为什么改变饮食习惯就可能改变基因,延缓衰老。
●
相关链接 在E读中查询图书 在五车中查询图书 在当当中查询图书 在豆瓣中查询图书


正题名:基因革命     索取号:Q343.1/77         预约/预借

序号 登录号 条形码 馆藏地/架位号 状态 备注
1 1038885   210388855   第二样本阅览室/ [索取号:Q343.1/77] 在馆    
2 1038886   210388864   密集书库-生命科学系/ [索取号:Q343.1/77] 在馆    
3 1038887   210388873   第三借阅区/ [索取号:Q343.1/77] 在馆    
4 1038888   210388882   第三借阅区/ [索取号:Q343.1/77] 在馆    
5 1038889   210388891   第三借阅区/ [索取号:Q343.1/77] 在馆    
唐山师范学院图书馆 欢迎您!
大连网信软件有限公司© 版权所有